[Event "8th EUR-ch (w)"]
[Site "Dresden GER"]
[Date "2007.04.07"]
[Round "5"]
[White "Voicu, Carmen"]
[Black "Javakhishvili, Lela"]
[Result "0-1"]
[WhiteElo "2354"]
[BlackElo "2425"]
[EventDate "2007.04.03"]
[PlyCount "84"]

1.e4 c5 2.Nf3 Nc6 3.d4 cxd4 4.Nxd4 Qc7 5.Nc3 e6 6.g3 a6 7.Bg2 d6 8.O-O Bd7
9.Nde2 Nf6 10.b3 b5 11.Bb2 Be7 12.h3 O-O 13.Nf4 Rac8 14.Nce2 Ne5 15.c3 Bc6
16.f3 d5 17.exd5 Nxd5 18.Nxd5 Bxd5 19.Nf4 Bb7 20.Qe2 Ng6 21.Nxg6 hxg6 22.
Kh2 Bh4 23.Qf2 Bf6 24.Rfc1 Rfd8 25.Qe3 Qc5 26.Qe2 Qf5 27.a4 Qd3 28.Qxd3 
Rxd3 29.Rd1 Rcd8 30.Rxd3 Rxd3 31.axb5 axb5 32.Bc1 Rxc3 33.Ra7 Bd5 34.Bf4 
Rxb3 35.h4 Rb2 36.Kh3 b4 37.Rc7 b3 38.Rc8+ Kh7 39.Rb8 Rb1 40.g4 b2 41.g5 
Bd4 42.h5 Ra1 0-1

[Event "8th EUR-ch (w)"]
[Site "Dresden GER"]
[Date "2007.04.07"]
[Round "5"]
[White "Danielian, Elina"]
[Black "Rudolf, Anna"]
[Result "1/2-1/2"]
[WhiteElo "2424"]
[BlackElo "2301"]
[EventDate "2007.04.03"]
[PlyCount "71"]

1.d4 e6 2.Nf3 Nf6 3.e3 b6 4.Bd3 Bb7 5.O-O Be7 6.c4 d5 7.b3 O-O 8.Bb2 Nbd7 
9.Nc3 c5 10.Rc1 Rc8 11.cxd5 exd5 12.Qe2 Re8 13.Rfd1 Qc7 14.Ba6 Red8 15.h3 
Qb8 16.dxc5 bxc5 17.Qb5 Bxa6 18.Qxa6 Qa8 19.Nb5 Rc6 20.Qa5 Qb7 21.Bxf6 
Nxf6 22.Qxa7 Qxa7 23.Nxa7 Ra6 24.Nb5 Rxa2 25.Ne5 Ra6 26.Nc3 Kf8 27.Rc2 Ra3
28.Nc6 Rd7 29.Nxe7 Kxe7 30.Nb5 Rxb3 31.Rxc5 Ne4 32.Rcxd5 Rxd5 33.Rxd5 Rb1+
34.Kh2 Nxf2 35.Nd4 g6 36.Re5+ 1/2-1/2

[Event "8th EUR-ch (w)"]
[Site "Dresden GER"]
[Date "2007.04.07"]
[Round "5"]
[White "Cmilyte, Viktorija"]
[Black "Von Wantoch-Rekowski, Danijela"]
[Result "1/2-1/2"]
[WhiteElo "2462"]
[BlackElo "2114"]
[EventDate "2007.04.03"]
[PlyCount "136"]

1.d4 Nf6 2.c4 e6 3.Nc3 Bb4 4.Qc2 b6 5.e4 Bxc3+ 6.bxc3 Bb7 7.Bd3 d6 8.Ne2 
Nc6 9.O-O Nd7 10.Be3 Qe7 11.Rab1 g6 12.f4 f5 13.Ng3 Na5 14.Qe2 O-O-O 15.
Rb5 c6 16.Rb2 c5 17.e5 dxe5 18.fxe5 g5 19.Nh5 Nc6 20.Nf6 Ndxe5 21.dxe5 
Nxe5 22.Bxg5 Nxd3 23.Rd2 h6 24.Nd5 Qxg5 25.Qxe6+ Kb8 26.Rxd3 Rhe8 27.Qxf5 
Rg8 28.Qxg5 Rxg5 29.Rf6 h5 30.h4 Rg4 31.Rf4 Rdg8 32.Rxg4 Rxg4 33.g3 Rxc4 
34.Nf6 Ra4 35.Rd2 Bf3 36.Kf2 Bg4 37.Nxg4 Rxg4 38.Rd5 Rc4 39.Rxh5 Rxc3 40.
Re5 Rc2+ 41.Re2 Rc1 42.Re1 Rc2+ 43.Re2 Rc1 44.h5 Rh1 45.g4 Kc7 46.Kg2 Rh4 
47.Kg3 Rh1 48.Rh2 Rxh2 49.Kxh2 c4 50.h6 c3 51.h7 c2 52.h8=Q c1=Q 53.Qe5+ 
Kd7 54.Qd5+ Ke7 55.g5 Qf4+ 56.Kg2 Qg4+ 57.Kf2 Qf4+ 58.Ke2 a5 59.Kd3 Qf1+ 
60.Kc2 b5 61.Qb7+ Kf8 62.Qa8+ Kg7 63.Qxa5 Qf5+ 64.Kb3 Qd5+ 65.Kb4 Qc4+ 66.
Ka3 Qc1+ 67.Kb3 Qb1+ 68.Ka3 Qc1+ 1/2-1/2

[Event "8th EUR-ch (w)"]
[Site "Dresden GER"]
[Date "2007.04.07"]
[Round "5"]
[White "Socko, Monika"]
[Black "Kursova, Maria"]
[Result "1/2-1/2"]
[WhiteElo "2481"]
[BlackElo "2324"]
[EventDate "2007.04.03"]
[PlyCount "172"]

1.d4 Nf6 2.c4 e6 3.Nf3 b6 4.g3 Ba6 5.Nbd2 Bb7 6.Bg2 c5 7.O-O cxd4 8.Nb3 
Be7 9.Nbxd4 a6 10.b3 O-O 11.Bb2 Qc7 12.Rc1 d6 13.e3 Nbd7 14.Qe2 Rac8 15.
Rfd1 Rfd8 16.Bh3 Qb8 17.Ne1 Qa8 18.f3 d5 19.cxd5 Rxc1 20.Rxc1 Nxd5 21.Nec2
h6 22.e4 N5f6 23.Bg2 Nc5 24.Ne3 Nfd7 25.Nc4 a5 26.Kh1 Na6 27.Rd1 Nc7 28.a4
Nc5 29.Qc2 Bf6 30.Rd2 N7a6 31.Nb5 Nb4 32.Qd1 Rxd2 33.Qxd2 Bc6 34.Nd4 Bb7 
35.Ne2 Qc8 36.Bd4 Nd7 37.h4 Qc7 38.Kh2 Ba6 39.Ba1 Be7 40.f4 Nc5 41.Be5 Qd8
42.Qc3 Qd1 43.Nd4 Bxc4 44.Qxc4 Nbd3 45.Bc7 Nf2 46.Bf3 Qd2 47.Ne2 Qe3 48.
Ng1 Ncxe4 49.Qe2 Bc5 50.Qxe3 Bxe3 51.Kg2 Nd2 52.Bc6 Nxb3 53.Nf3 Nd3 54.Bb5
Nb4 55.Ne5 Nd5 56.Bd8 Bd4 57.Nc4 Bc5 58.Bc6 Ne3+ 59.Nxe3 Bxe3 60.Bc7 f6 
61.f5 Kf7 62.g4 Bc5 63.Be4 Nd2 64.fxe6+ Kxe6 65.Bb7 Nc4 66.Kg3 Ne3 67.Kf3 
f5 68.g5 hxg5 69.hxg5 g6 70.Bc6 Nd5 71.Be8 Be7 72.Bf4 Nc3 73.Bxg6 Nxa4 74.
Be8 Nc3 75.g6 Bf8 76.Be3 Bg7 77.Bxb6 a4 78.Bc5 Ne4 79.Bb4 Kf6 80.Bxa4 Kxg6
81.Bc2 Ng5+ 82.Kg2 Ne6 83.Ba4 Kg5 84.Bd7 Nd4 85.Bd2+ f4 86.Bc8 Nf5 1/2-1/2

[Event "8th EUR-ch (w)"]
[Site "Dresden GER"]
[Date "2007.04.07"]
[Round "5"]
[White "Jackova, Jana"]
[Black "Muhren, Bianca"]
[Result "1/2-1/2"]
[WhiteElo "2423"]
[BlackElo "2311"]
[EventDate "2007.04.03"]
[PlyCount "83"]

1.e4 c5 2.Nf3 d6 3.d4 cxd4 4.Nxd4 Nf6 5.Nc3 a6 6.Bg5 e6 7.f4 Qc7 8.Qf3 b5 
9.a3 Nbd7 10.Bd3 Bb7 11.Qh3 Qb6 12.Nde2 Be7 13.Bh4 Nc5 14.Bf2 Qc7 15.Ng3 
h5 16.Bd4 O-O-O 17.b4 h4 18.Nge2 Ncxe4 19.Nxe4 Bxe4 20.Bxe4 Nxe4 21.a4 Qc4
22.Qe3 d5 23.c3 Kd7 24.O-O f6 25.axb5 axb5 26.Ra7+ Ke8 27.g4 hxg3 28.Nxg3 
Kf7 29.Nxe4 dxe4 30.Qxe4 Rh5 31.Rfa1 Re8 32.Rb7 Qb3 33.Re1 Qa2 34.Re2 Qc4 
35.Rg2 Rh6 36.Ra7 Kf8 37.Qe3 Qb3 38.h3 Kf7 39.Bc5 Rg6 40.Rxg6 Qb1+ 41.Kh2 
Qxg6 42.Bxe7 1/2-1/2

[Event "8th EUR-ch (w)"]
[Site "Dresden GER"]
[Date "2007.04.07"]
[Round "5"]
[White "Muzychuk, Maria"]
[Black "Bojkovic, Natasa"]
[Result "0-1"]
[WhiteElo "2293"]
[BlackElo "2408"]
[EventDate "2007.04.03"]
[PlyCount "98"]

1.e4 c5 2.Nf3 e6 3.c4 Nc6 4.Nc3 Nf6 5.Be2 Qb6 6.O-O d6 7.d3 Bd7 8.a3 a5 9.
Be3 Ng4 10.Bf4 Be7 11.Rb1 O-O 12.Nb5 Nge5 13.Nxe5 dxe5 14.Bg3 Bg5 15.Qc2 
Qd8 16.Qc3 f6 17.Bd1 Qe7 18.Ba4 Be8 19.Rfe1 Rd8 20.f3 Bf4 21.Bf2 Bh5 22.
Qc2 Rc8 23.Nc3 Nd4 24.Qd1 Rfd8 25.Ne2 Bh6 26.Nxd4 exd4 27.Rf1 Bf4 28.Be1 
Qc7 29.g3 Be3+ 30.Kg2 f5 31.exf5 exf5 32.b4 axb4 33.axb4 b6 34.h3 Ra8 35.
Ra1 Ra7 36.Bb3 Rda8 37.Rb1 Ra3 38.Qc2 Qc6 39.Bd2 f4 40.gxf4 Qg6+ 41.Kh2 
Qf5 42.Bxe3 dxe3 43.Qe2 Qxf4+ 44.Kg2 Rf8 45.bxc5 bxc5 46.Bd1 Ra6 47.Rg1 
Bxf3+ 48.Qxf3 Ra2+ 49.Kf1 Rf2+ 0-1

[Event "8th EUR-ch (w)"]
[Site "Dresden GER"]
[Date "2007.04.07"]
[Round "5"]
[White "Foisor, Cristina"]
[Black "Medic, Mirjana"]
[Result "1-0"]
[WhiteElo "2384"]
[BlackElo "2265"]
[EventDate "2007.04.03"]
[PlyCount "95"]

1.c4 e6 2.g3 d5 3.Bg2 c6 4.Nf3 f5 5.O-O Nf6 6.d3 Bd6 7.Nc3 O-O 8.e4 Bc7 9.
cxd5 exd5 10.e5 Nfd7 11.d4 Qe7 12.Ne2 Re8 13.Nf4 Nf8 14.Rb1 a5 15.h4 Be6 
16.Bh3 g6 17.Qb3 Bd8 18.Bd2 Na6 19.Rfc1 Rb8 20.Bf1 Ra8 21.Kg2 Kh8 22.a3 
Ra7 23.h5 g5 24.Nxg5 Qxg5 25.Ng6+ hxg6 26.Bxg5 Bxg5 27.f4 Bd8 28.hxg6 Nxg6
29.Bxa6 bxa6 30.Rxc6 Rh7 31.Rh1 Nxf4+ 32.Kg1 Ne2+ 33.Kf2 Rxh1 34.Kxe2 Rh2+
35.Kf1 a4 36.Qf3 a5 37.Kg1 Rh7 38.Kg2 Bg5 39.Rxe6 Rxe6 40.Qxf5 Re8 41.Qxg5
Rb8 42.e6 Rxb2+ 43.Kf3 Rb3+ 44.Kf4 Rg7 45.Qd8+ Rg8 46.Qh4+ Kg7 47.Ke5 Rbb8
48.g4 1-0

[Event "8th EUR-ch (w)"]
[Site "Dresden GER"]
[Date "2007.04.07"]
[Round "5"]
[White "Kononenko, Tatiana"]
[Black "Rybenko, Ksenia"]
[Result "1/2-1/2"]
[WhiteElo "2382"]
[BlackElo "2239"]
[EventDate "2007.04.03"]
[PlyCount "45"]

1.d4 Nf6 2.c4 g6 3.Nc3 Bg7 4.e4 d6 5.Bd3 O-O 6.Nge2 Nc6 7.O-O Nh5 8.Bc2 e5
9.d5 Ne7 10.Ng3 Nf4 11.Nce2 Nxe2+ 12.Nxe2 f5 13.exf5 gxf5 14.f4 e4 15.Rb1 
c6 16.dxc6 Nxc6 17.Be3 Be6 18.b3 d5 19.cxd5 Qxd5 20.Qxd5 Bxd5 21.Rbd1 Rfd8
22.Rd2 Rd7 23.Rfd1 1/2-1/2

[Event "8th EUR-ch (w)"]
[Site "Dresden GER"]
[Date "2007.04.07"]
[Round "5"]
[White "Seps, Monika"]
[Black "Houska, Jovanka"]
[Result "1/2-1/2"]
[WhiteElo "2265"]
[BlackElo "2381"]
[EventDate "2007.04.03"]
[PlyCount "82"]

1.e4 c6 2.d4 d5 3.Nc3 dxe4 4.Nxe4 Bf5 5.Ng3 Bg6 6.h4 h6 7.Nf3 Nd7 8.h5 Bh7
9.Bd3 Bxd3 10.Qxd3 e6 11.Bd2 Ngf6 12.O-O-O Be7 13.Ne4 O-O 14.g4 Nxg4 15.
Rhg1 f5 16.Qb3 Rf7 17.Nc3 Nf8 18.Qxb7 Rb8 19.Qxc6 Bb4 20.Qa6 Nxf2 21.Rde1 
Bxc3 22.Bxc3 Ne4 23.Ba5 Qe8 24.Re3 Rfb7 25.Rb3 Rxb3 26.axb3 Qd7 27.Qd3 Nh7
28.Bd2 Nhg5 29.Bxg5 hxg5 30.Nxg5 Nxg5 31.Rxg5 Qd5 32.Rg1 Qd6 33.Qe3 Kh7 
34.Qg5 Rg8 35.c3 Qh2 36.Kb1 f4 37.Rg2 Qh1+ 38.Rg1 Qe4+ 39.Ka2 f3 40.h6 f2 
41.Rf1 Qe2 1/2-1/2

[Event "8th EUR-ch (w)"]
[Site "Dresden GER"]
[Date "2007.04.07"]
[Round "5"]
[White "Shukurova, Meihriban"]
[Black "Dworakowska, Joanna"]
[Result "0-1"]
[WhiteElo "2193"]
[BlackElo "2363"]
[EventDate "2007.04.03"]
[PlyCount "190"]

1.d4 d5 2.Nf3 c6 3.Bf4 Qb6 4.b3 Nf6 5.e3 Bf5 6.c3 Nbd7 7.a4 a5 8.Be2 h6 9.
Ne5 e6 10.Nd2 Be7 11.h4 Ne4 12.Nxe4 Bxe4 13.Nxd7 Kxd7 14.f3 Bh7 15.Be5 f6 
16.Bg3 g5 17.h5 Bg8 18.e4 Re8 19.Bd3 Bd6 20.Bf2 Bf7 21.Qc2 Kc8 22.O-O-O 
Kb8 23.Kb2 Qc7 24.Rde1 Rc8 25.Re2 Ka8 26.g4 e5 27.Qd2 Rhe8 28.Qe3 c5 29.
dxc5 d4 30.cxd4 exd4 31.Qc1 Bxc5 32.Rc2 Qe5 33.Ka2 Red8 34.Rd1 Kb8 35.Bc4 
Bxc4 36.Rxc4 Bb6 37.Bxd4 Bxd4 38.Rdxd4 Qxd4 39.Rxd4 Rxd4 40.Qb2 Rcd8 41.
Qc3 b6 42.Qc6 R4d6 43.Qb5 Kb7 44.Qf5 Rc8 45.e5 Rd2+ 46.Kb1 Rd1+ 47.Kb2 
Rd2+ 48.Kb1 fxe5 49.Qxe5 Rd1+ 50.Kb2 Rd2+ 51.Kb1 Rc7 52.f4 Rd1+ 53.Kb2 
Rd2+ 54.Kb1 gxf4 55.Qxf4 Rcd7 56.Kc1 R2d6 57.g5 hxg5 58.Qxg5 Rh7 59.b4 
axb4 60.Qb5 Rc6+ 61.Kb2 Rc5 62.Qxb4 Rhxh5 63.Qe4+ Rhd5 64.Kb3 Ka7 65.Qh7+ 
Ka6 66.Qg8 Kb7 67.Qf7+ Kc6 68.Qf3 Kc7 69.Qf4+ Rd6 70.Kb4 Rd5 71.Kc4 Kb8 
72.Qf8+ Rd8 73.Qf4+ Ka7 74.Qe3 Rc5+ 75.Kb4 Rdc8 76.Qd4 R8c7 77.Kb3 Rh7 78.
Qd8 Rh3+ 79.Kb4 Rh7 80.Kb3 Rch5 81.Kc4 Rh4+ 82.Kb3 Rh3+ 83.Kc2 Rh2+ 84.Kd3
Ra2 85.Qe8 Rh3+ 86.Kc4 Rc2+ 87.Kb4 Rb2+ 88.Kc4 Rc2+ 89.Kb4 Rc7 90.Qe5 Rch7
91.Qe8 R7h4+ 92.Kb5 Rb3+ 93.Kc6 Rc3+ 94.Kd5 Rc5+ 95.Kd6 Rd4+ 0-1

[Event "8th EUR-ch (w)"]
[Site "Dresden GER"]
[Date "2007.04.07"]
[Round "5"]
[White "Nemcova, Katerina"]
[Black "Zawadzka, Jolanta"]
[Result "0-1"]
[WhiteElo "2164"]
[BlackElo "2348"]
[EventDate "2007.04.03"]
[PlyCount "62"]

1.e4 c5 2.Nf3 Nc6 3.d4 cxd4 4.Nxd4 Nf6 5.Nc3 d6 6.Bc4 e6 7.Bb3 Be7 8.O-O 
O-O 9.Kh1 Nxd4 10.Qxd4 b6 11.Bg5 Bb7 12.Rad1 Rc8 13.f4 Rc5 14.f5 exf5 15.
exf5 Qd7 16.Qd3 Kh8 17.Rd2 Ng4 18.Bxe7 Qxe7 19.Bd5 Qe5 20.g3 Rxd5 21.Nxd5 
Ne3 22.c4 Nxf1 23.Qxf1 Re8 24.Qd3 Qe1+ 25.Kg2 Re5 26.Rf2 h6 27.b3 Qa5 28.
Rd2 Rxf5 29.b4 Qxb4 30.Kh3 Rh5+ 31.Kg4 Rxd5 0-1

[Event "8th EUR-ch (w)"]
[Site "Dresden GER"]
[Date "2007.04.07"]
[Round "5"]
[White "Khukhashvili, Sopiko"]
[Black "Vogel, Heike"]
[Result "1-0"]
[WhiteElo "2334"]
[BlackElo "2156"]
[EventDate "2007.04.03"]
[PlyCount "101"]

1.e4 c6 2.d4 d5 3.exd5 cxd5 4.c4 Nf6 5.Nc3 e6 6.Nf3 Bb4 7.cxd5 Nxd5 8.Bd2 
Nc6 9.Bd3 Be7 10.O-O O-O 11.Qe2 Bf6 12.Be3 Nxc3 13.bxc3 b6 14.Qc2 g6 15.
Bh6 Re8 16.Rad1 Bb7 17.Rfe1 Rc8 18.Qd2 Ne7 19.Ne5 Nf5 20.Bf4 Nh4 21.f3 Nf5
22.Bb5 Bxe5 23.Bxe5 Rf8 24.Bd3 f6 25.Bf4 Bd5 26.Ba6 Rc6 27.Rc1 g5 28.Bg3 
Nxg3 29.hxg3 Qc7 30.Kf2 Rd8 31.Bd3 Rc8 32.Re3 Kg7 33.Ba6 Rh8 34.Qe1 Bxa2 
35.Bb5 Rd6 36.c4 Rxd4 37.Rc2 Bxc4 38.Qc3 Rd5 39.Bxc4 Rc5 40.Rxe6 Rf8 41.
Qb3 Qd7 42.Qe3 Rf7 43.Rd2 Qxd2+ 44.Qxd2 Rxc4 45.Qd8 Rc2+ 46.Kg1 Rc1+ 47.
Kh2 Rcc7 48.Re8 a5 49.Rg8+ Kh6 50.f4 gxf4 51.gxf4 1-0

[Event "8th EUR-ch (w)"]
[Site "Dresden GER"]
[Date "2007.04.07"]
[Round "5"]
[White "Repkova, Eva"]
[Black "Van Weersel, Arlette"]
[Result "1-0"]
[WhiteElo "2328"]
[BlackElo "2156"]
[EventDate "2007.04.03"]
[PlyCount "113"]

1.e4 e5 2.Bc4 Nf6 3.d3 c6 4.Nf3 Be7 5.O-O d6 6.Nbd2 O-O 7.Bb3 Nbd7 8.c3 
Re8 9.Re1 Bf8 10.Nf1 g6 11.Ng3 Qc7 12.h3 Bg7 13.Nh2 b6 14.Qf3 Nc5 15.Bc2 
Ne6 16.Ng4 Nxg4 17.hxg4 Qe7 18.Nf1 Bd7 19.Nh2 Rad8 20.Qg3 Ng5 21.a4 Bc8 
22.a5 b5 23.Be3 Bf6 24.Bb3 Ne6 25.Nf3 Ng5 26.Ba2 Be6 27.Bxe6 Nxf3+ 28.Qxf3
fxe6 29.Bxa7 c5 30.Bb6 Rc8 31.b4 Rf8 32.Qe2 Rc6 33.bxc5 dxc5 34.Rab1 b4 
35.cxb4 cxb4 36.Qb2 Bg5 37.g3 Qd6 38.Red1 Rxb6 39.axb6 Qxb6 40.Rf1 Be7 41.
Qxe5 Rf3 42.d4 Bf6 43.Qc5 Rxg3+ 44.Kh1 Qxc5 45.dxc5 Rc3 46.Rxb4 Rxc5 47.
Rb6 Rc4 48.f3 Kf7 49.Rb7+ Kg8 50.Rd1 h6 51.Rd6 Rc1+ 52.Kg2 Rc2+ 53.Kf1 Bh4
54.Rxe6 Rf2+ 55.Kg1 Rxf3 56.Rxg6+ Kf8 57.Rxh6 1-0

[Event "8th EUR-ch (w)"]
[Site "Dresden GER"]
[Date "2007.04.07"]
[Round "5"]
[White "Dembo, Yelena"]
[Black "Fakhiridou, Ekaterini"]
[Result "1-0"]
[WhiteElo "2470"]
[BlackElo "2299"]
[EventDate "2007.04.03"]
[PlyCount "71"]

1.e4 c5 2.Nf3 d6 3.d4 cxd4 4.Nxd4 Nf6 5.Nc3 a6 6.Bc4 e6 7.Bb3 Be7 8.g4 Nc6
9.g5 Nxd4 10.Qxd4 Nh5 11.h4 b5 12.Be3 Bd7 13.Ne2 O-O 14.Qd2 Qc7 15.Nd4 g6 
16.c3 Qb7 17.Qd3 Ng7 18.Bc2 e5 19.Nb3 Be6 20.Nd2 Rfd8 21.h5 gxh5 22.O-O-O 
a5 23.f4 Bg4 24.Rdg1 a4 25.a3 Rac8 26.Kb1 Rc7 27.Ka1 Rdc8 28.Bb1 d5 29.
Rxg4 d4 30.Bxd4 hxg4 31.Bxe5 Rd7 32.Qe2 b4 33.Qh2 h5 34.gxh6 f6 35.hxg7 
Rdd8 36.Qh7+ 1-0

[Event "8th EUR-ch (w)"]
[Site "Dresden GER"]
[Date "2007.04.07"]
[Round "5"]
[White "Pogonina, Natalia"]
[Black "Mamedyarova, Turkan"]
[Result "1-0"]
[WhiteElo "2419"]
[BlackElo "2293"]
[EventDate "2007.04.03"]
[PlyCount "129"]

1.e4 e5 2.Nf3 d6 3.d4 exd4 4.Nxd4 Nf6 5.Nc3 Be7 6.Be2 O-O 7.O-O c5 8.Nb3 
Nc6 9.Be3 a6 10.a4 Be6 11.f4 Bxb3 12.cxb3 Nb4 13.Bf3 Rb8 14.Qe2 Qb6 15.Kh1
Nc6 16.Rad1 Rbe8 17.Qc2 Rc8 18.e5 dxe5 19.Bxc6 Qxc6 20.fxe5 Ng4 21.Bf4 Qe6
22.Nd5 Bd8 23.Qe2 Rc6 24.Bg3 Nh6 25.Qd3 Qg6 26.Qf3 Qg4 27.Qf2 g6 28.Ne3 
Qh5 29.Rd7 Bg5 30.Bf4 Ng4 31.Qf3 Nxe3 32.Qxe3 Bxf4 33.Qxf4 g5 34.Qg3 Re6 
35.Rxb7 Qe2 36.Re1 Qxb2 37.Rd7 h6 38.h3 Qc2 39.Rc7 Rb6 40.Re3 Qd1+ 41.Kh2 
Qd5 42.Rd3 Qe6 43.Rxc5 Rfb8 44.Rcc3 Re8 45.Rd6 Rxd6 46.exd6 Rd8 47.Rc6 a5 
48.Rc5 Rxd6 49.Rxa5 Rd8 50.Rb5 Kh7 51.Qe5 Qc6 52.Qc5 Qe8 53.Qf5+ Kg8 54.
Qe5 Qc6 55.Rb8 Rxb8 56.Qxb8+ Kh7 57.a5 f5 58.Qa7+ Kg8 59.Qb6 Qe8 60.Qd6 f4
61.a6 Kg7 62.Qd4+ Kg6 63.a7 Qc6 64.Qd3+ Kg7 65.Qf3 1-0

[Event "8th EUR-ch (w)"]
[Site "Dresden GER"]
[Date "2007.04.07"]
[Round "5"]
[White "Gvetadze, Sopio"]
[Black "Dolzhikova, Kateryna"]
[Result "1-0"]
[WhiteElo "2411"]
[BlackElo "2282"]
[EventDate "2007.04.03"]
[PlyCount "77"]

1.e4 e6 2.d4 d5 3.exd5 exd5 4.Nf3 Bd6 5.c4 dxc4 6.Bxc4 Nf6 7.O-O O-O 8.h3 
h6 9.Nc3 c6 10.a3 Nbd7 11.Bd2 Nb6 12.Ba2 Bf5 13.Re1 Nbd5 14.Ne5 Rc8 15.Rc1
Nxc3 16.Bxc3 Rc7 17.Qf3 Bh7 18.Ba5 b6 19.Bc3 Bxe5 20.Rxe5 Re8 21.Rce1 Rxe5
22.Rxe5 Bg6 23.Qe2 Qd7 24.f4 Nd5 25.Qf3 Nxc3 26.bxc3 Bf5 27.Qe2 Kh8 28.
Re8+ Kh7 29.g4 Be6 30.Bxe6 fxe6 31.Qe4+ g6 32.Rxe6 Qf7 33.h4 Kg7 34.Qe5+ 
Kh7 35.Re8 Qg7 36.Qe4 Rf7 37.h5 c5 38.hxg6+ Qxg6 39.Rh8+ 1-0

[Event "8th EUR-ch (w)"]
[Site "Dresden GER"]
[Date "2007.04.07"]
[Round "5"]
[White "Bosboom-Lanchava, Tea"]
[Black "Golubenko, Valentina"]
[Result "1-0"]
[WhiteElo "2383"]
[BlackElo "2271"]
[EventDate "2007.04.03"]
[PlyCount "79"]

1.d4 Nf6 2.Nf3 c5 3.c4 cxd4 4.Nxd4 e6 5.g3 Qb6 6.Nc3 Nc6 7.Ndb5 Ne5 8.Bf4 
Nfg4 9.e3 Qc6 10.h3 Nf3+ 11.Ke2 Nge5 12.b3 g5 13.Bg2 gxf4 14.exf4 a6 15.
fxe5 axb5 16.Bxf3 Qc5 17.Nxb5 Qxe5+ 18.Kf1 Bg7 19.Rc1 Rxa2 20.Kg2 Qb2 21.
Nd6+ Ke7 22.Ne4 Qd4 23.Qe1 f5 24.Nc3 Rb2 25.Nd5+ Kd8 26.Rd1 Qa7 27.Nf4 Kc7
28.Rd3 Bd4 29.Rf1 e5 30.Nd5+ Kb8 31.Qc1 d6 32.Qh6 Rd8 33.Qxh7 Bxf2 34.Qc7+
Ka8 35.Kh1 Rh8 36.Bg2 Ra2 37.Qxd6 Qc5 38.Qxe5 Rh7 39.b4 Qf8 40.Rxf2 1-0

[Event "8th EUR-ch (w)"]
[Site "Dresden GER"]
[Date "2007.04.07"]
[Round "5"]
[White "Stepovaya, Tatiana"]
[Black "Makropoulou, Marina"]
[Result "1-0"]
[WhiteElo "2375"]
[BlackElo "2268"]
[EventDate "2007.04.03"]
[PlyCount "86"]

1.e4 e5 2.Nf3 Nc6 3.d4 exd4 4.Nxd4 Nf6 5.Nxc6 bxc6 6.e5 Qe7 7.Qe2 Nd5 8.c4
Nb6 9.Nc3 Qe6 10.Qe4 Bb4 11.Bd2 a5 12.Bd3 Ba6 13.b3 d5 14.exd6 cxd6 15.
O-O-O Qxe4 16.Bxe4 Rc8 17.Bf5 Rc7 18.Ne4 Bxd2+ 19.Rxd2 d5 20.Nd6+ Kd8 21.
Re1 Re7 22.Rxe7 Kxe7 23.c5 Na8 24.Rd1 Nc7 25.Re1+ Kf6 26.Bd7 Ne6 27.Bxc6 
Nxc5 28.Ne8+ Kg6 29.Re3 Ne4 30.Bxd5 Nxf2 31.Rg3+ Kf5 32.Nd6+ Ke5 33.Nxf7+ 
Kxd5 34.Nxh8 g6 35.Rg5+ Kd4 36.Rxa5 Bb7 37.g3 Be4 38.Nf7 Ke3 39.Ne5 g5 40.
Nc4+ Ke2 41.Kb2 g4 42.a4 Nd3+ 43.Kc3 Kf2 1-0

[Event "8th EUR-ch (w)"]
[Site "Dresden GER"]
[Date "2007.04.07"]
[Round "5"]
[White "Vasilkova, Svetlana"]
[Black "Stiri, Alexandra"]
[Result "0-1"]
[WhiteElo "2346"]
[BlackElo "2258"]
[EventDate "2007.04.03"]
[PlyCount "58"]

1.e4 c5 2.Nf3 e6 3.Nc3 a6 4.g3 b5 5.Bg2 Bb7 6.O-O Nf6 7.d3 Be7 8.e5 Nd5 9.
Ne4 O-O 10.Qe2 f5 11.exf6 Nxf6 12.Neg5 Nc6 13.c3 Qc7 14.Bf4 Qb6 15.Nxe6 
Rac8 16.Neg5 Rfe8 17.Qd2 Nd5 18.Nh4 Nxf4 19.Qxf4 Bxg5 20.Qxg5 Re5 21.Qg4 
Rce8 22.Qxd7 Rd8 23.Qg4 Rxd3 24.Rae1 c4 25.Nf5 g6 26.Nd4 Rxe1 27.Bd5+ Kg7 
28.Qd7+ Re7 29.Qg4 Nxd4 0-1

[Event "8th EUR-ch (w)"]
[Site "Dresden GER"]
[Date "2007.04.07"]
[Round "5"]
[White "Kadimova, Ilaha"]
[Black "Andriasian, Siranush"]
[Result "1-0"]
[WhiteElo "2339"]
[BlackElo "2252"]
[EventDate "2007.04.03"]
[PlyCount "85"]

1.d4 Nf6 2.c4 e6 3.Nc3 Bb4 4.Qc2 d5 5.cxd5 exd5 6.Bg5 c5 7.dxc5 h6 8.Bh4 
g5 9.Bg3 Ne4 10.e3 Qa5 11.Be5 O-O 12.Bd3 Nc6 13.Bxe4 dxe4 14.Bd6 Re8 15.
Ne2 Bxc5 16.Bxc5 Qxc5 17.O-O Bf5 18.Rfd1 Nb4 19.Qb3 Nd3 20.Nd4 Bg6 21.Rd2 
Rab8 22.a4 a5 23.Nd5 Red8 24.Nb6 Nb4 25.Nc4 Rbc8 26.Rc1 Nd3 27.Rc3 Qb4 28.
Qc2 Nxb2 29.Qxb2 Rxd4 30.exd4 Rxc4 31.Rxc4 Qxc4 32.Qc2 Qb4 33.Qd1 Bh5 34.
Qc2 Bg6 35.Qa2 Qc3 36.Qb2 Qc4 37.h3 Qxa4 38.Qxb7 Qa3 39.Qb2 Qd6 40.Qc3 Qd5
41.Rb2 Bf5 42.Qc5 Qe6 43.Rb6 1-0

[Event "8th EUR-ch (w)"]
[Site "Dresden GER"]
[Date "2007.04.07"]
[Round "5"]
[White "Zdebskaya, Natalia"]
[Black "Gromova, Yulia"]
[Result "1/2-1/2"]
[WhiteElo "2335"]
[BlackElo "2252"]
[EventDate "2007.04.03"]
[PlyCount "49"]

1.e4 c6 2.c4 d5 3.exd5 cxd5 4.cxd5 Nf6 5.Qa4+ Nbd7 6.Nc3 g6 7.Nf3 Bg7 8.
Qb3 O-O 9.Bc4 a6 10.a4 Qa5 11.Qa2 Nb6 12.Bb3 Bf5 13.O-O Rad8 14.Re1 Nbxd5 
15.Nxd5 Nxd5 16.Bxd5 Rxd5 17.Rxe7 Be6 18.Qa3 Rb8 19.Qe3 Qd8 20.Rxe6 fxe6 
21.Qxe6+ Kh8 22.d4 Qd7 23.Qxd7 Rxd7 24.Bd2 Kg8 25.Rd1 1/2-1/2

[Event "8th EUR-ch (w)"]
[Site "Dresden GER"]
[Date "2007.04.07"]
[Round "5"]
[White "Foisor, Sabina-Francesca"]
[Black "Dergatschova-Daus, Anna"]
[Result "1-0"]
[WhiteElo "2333"]
[BlackElo "2230"]
[EventDate "2007.04.03"]
[PlyCount "81"]

1.d4 d5 2.c4 dxc4 3.e3 e5 4.Bxc4 exd4 5.exd4 Nc6 6.Be3 Nf6 7.Nc3 Bd6 8.h3 
O-O 9.Nf3 Ne7 10.O-O Nf5 11.Qd3 Nxe3 12.fxe3 h6 13.e4 Nh5 14.e5 Be7 15.Ne2
b5 16.Bxb5 f5 17.Qb3+ Kh8 18.Bc6 Ba6 19.Bxa8 Bxe2 20.Rf2 Ng3 21.Bc6 Ba6 
22.Qc2 g5 23.Kh2 Nh5 24.g3 Kg7 25.d5 f4 26.g4 Ng3 27.Nd4 Bc8 28.Rg1 h5 29.
Rxg3 fxg3+ 30.Kxg3 hxg4 31.hxg4 Rxf2 32.Qxf2 Qh8 33.Nf3 Qh7 34.Qxa7 Qe4 
35.Qxc7 Qxg4+ 36.Kf2 Qb4 37.d6 Qxb2+ 38.Kg3 g4 39.Qxe7+ Kh6 40.Qf6+ Kh7 
41.Ng5+ 1-0

[Event "8th EUR-ch (w)"]
[Site "Dresden GER"]
[Date "2007.04.07"]
[Round "5"]
[White "Mira, Helene"]
[Black "Celuskina, Irina"]
[Result "0-1"]
[WhiteElo "2171"]
[BlackElo "2332"]
[EventDate "2007.04.03"]
[PlyCount "79"]

1.d4 c5 2.d5 d6 3.c4 e6 4.Nc3 Nf6 5.e4 exd5 6.cxd5 a6 7.a4 g6 8.Nge2 Bg7 
9.Ng3 h5 10.Be2 Nbd7 11.Nf1 Rb8 12.Ne3 O-O 13.O-O b5 14.axb5 axb5 15.Bxb5 
Nxe4 16.Nxe4 Rxb5 17.Nxd6 Rb4 18.Nxc8 Qxc8 19.Ra4 Rd4 20.Qc2 Qb7 21.b3 Rb8
22.Ba3 Rxa4 23.bxa4 Bd4 24.Rc1 Qa8 25.d6 Qc6 26.Nc4 Nf6 27.Bb2 Ne4 28.Bxd4
cxd4 29.Nb2 Nc3 30.Ra1 Qxd6 31.a5 Ra8 32.Qd3 Qb4 33.Nc4 Qb5 34.f4 Re8 35.
a6 Ra8 36.Ne5 Qb2 37.Re1 Qb6 38.Ra1 Nd5 39.g3 Ne3 40.Rb1 0-1

[Event "8th EUR-ch (w)"]
[Site "Dresden GER"]
[Date "2007.04.07"]
[Round "5"]
[White "Mader, Manuela"]
[Black "Sharevich, Anna"]
[Result "0-1"]
[WhiteElo "2223"]
[BlackElo "2323"]
[EventDate "2007.04.03"]
[PlyCount "54"]

1.e4 c5 2.Nf3 e6 3.c4 a6 4.Nc3 Qc7 5.Be2 Nf6 6.O-O b6 7.d4 cxd4 8.Nxd4 Bb7
9.f3 d6 10.Be3 Nbd7 11.a4 Be7 12.a5 O-O 13.axb6 Nxb6 14.Na4 Nbd7 15.Qd2 
Rae8 16.b4 d5 17.exd5 Bd6 18.dxe6 Bxh2+ 19.Kh1 fxe6 20.Nxe6 Qe5 21.Bf4 
Bxf4 22.Nxf4 Rd8 23.Rfe1 Qg5 24.Qd6 Ne5 25.Qe6+ Kh8 26.Nh3 Qg3 27.Ng1 Nfg4
0-1

[Event "8th EUR-ch (w)"]
[Site "Dresden GER"]
[Date "2007.04.07"]
[Round "5"]
[White "Kochetkova, Yulia"]
[Black "Topel, Zehra"]
[Result "1-0"]
[WhiteElo "2320"]
[BlackElo "2224"]
[EventDate "2007.04.03"]
[PlyCount "79"]

1.e4 c5 2.Nf3 Nc6 3.d4 cxd4 4.Nxd4 Nf6 5.Nc3 d6 6.Bg5 Bd7 7.Qd2 Rc8 8.Bxf6
gxf6 9.Nf5 Qa5 10.Bd3 e6 11.Ne3 Ne5 12.O-O Rg8 13.Kh1 Ng4 14.Nxg4 Rxg4 15.
f4 Qb4 16.Rab1 Bh6 17.Qe3 Kf8 18.Qh3 Rg6 19.f5 exf5 20.exf5 Bg5 21.Ne4 Rh6
22.Qg3 Bh4 23.Qe3 Rh5 24.Rf4 Qa5 25.Rbf1 Bg5 26.Qf3 Rh6 27.Rg4 Bc6 28.Qg3 
Bxe4 29.Qxd6+ Kg7 30.Rxe4 Qc7 31.Qxc7 Rxc7 32.g3 Bd2 33.Rf2 Ba5 34.Rfe2 
Rc6 35.Re7 Bc7 36.Be4 Rc5 37.b4 Rc3 38.Bd5 Rh5 39.Bxf7 Rg5 40.Bg6+ 1-0

[Event "8th EUR-ch (w)"]
[Site "Dresden GER"]
[Date "2007.04.07"]
[Round "5"]
[White "Schone, Maria"]
[Black "Benderac, Ana"]
[Result "1-0"]
[WhiteElo "2151"]
[BlackElo "2314"]
[EventDate "2007.04.03"]
[PlyCount "83"]

1.e4 e5 2.Nf3 d6 3.d4 exd4 4.Nxd4 Nf6 5.Nc3 Be7 6.Be2 O-O 7.O-O Re8 8.f4 
d5 9.e5 Ne4 10.Nxe4 dxe4 11.Be3 Bc5 12.Kh1 Nc6 13.c3 Bb6 14.Qc2 Nxd4 15.
Bxd4 Bxd4 16.Rad1 f5 17.Rxd4 Qe7 18.Qd2 Be6 19.Rd1 a6 20.b3 Kh8 21.g3 g6 
22.Bc4 Bxc4 23.Rxc4 c5 24.b4 Rad8 25.Qe2 Rxd1+ 26.Qxd1 Rd8 27.Qe2 Rd3 28.
bxc5 Qd7 29.Rd4 Qb5 30.a4 Qb1+ 31.Kg2 Rxc3 32.e6 Kg7 33.Kh3 Kf6 34.Rd1 Qc2
35.Rd2 Qxa4 36.Rd7 Qc2 37.Qe1 Kxe6 38.Rxb7 Qd3 39.Qa1 a5 40.Qxa5 Qf1+ 41.
Kh4 Qf3 42.Qa2+ 1-0